00959nam a2200217 a 450000100100000000500170001000800410002702000220006804000250009008200150011510000320013024501250016226000530028730000240034059000260036470000410039071000610043195201130049295201190060599900170072400004652920201002052933.0091120s2004 dr a r 001 0 spa d z9945400789 (v. 1) aDO-SdBNPbspacBNPHU axxxxbxxxx1 aOliveros, Verónica97451710aCaligrafía inicial 2 :bnivel inicial, 2 años de edad /cVerónica Oliveros ; ilustraciones Antonio Peña Juzgado. aSanto Domingo :bActualidad Escolar 2000,cs. f. av. :bil. ;c22 cm. aInventariado, 2018/LP1 aPeña Juzgado, Antonio,eil.9745182 aActualidad Escolar 2000, (República Dominicana)973571 0010718PDaPDbPDcHDd2015-08-24iLF1l0oxxxx xxxxp46529-10r2020-06-25w2020-06-25yLFPDZNo se presta 0010718PDaPDbPDcHDd2018-03-14iLF1l0oxxxx xxxxp46529-20r2020-06-25te. 2w2020-06-25yLFPDZNo se presta c46018d46018